00625 a2200241 4500260001000000630004500010037001000055650003500065100001900100260001100119245006700130300001000197650003200207260000900239300001000248100000700258440002600265037001000291037001000301037001000311700003800321700002400359 aParis a16 - Logique. Theorie de la connaissance b3, BU a1 - PHILOSOPHIE ET PSYCHOLOGIE aComte, Auguste bMouton aCorrespondance générale et confdessions. Tome 1: 1814-1840 a437p. aphilosophie: correspondance c1973 b23cm. lFr aArchives positivistes aL2748 aL1829 aL1827 aEd., de Berrêdo Carneiro, Paulo aEd., Arnaud, Pierre